Länder Europas - 30 Sekunden Sprint - Statistiken

Allgemein
  • Dieses Quiz wurde 198 mal gespielt
  • Das Durchschnittsergebnis liegt bei 13 aus 45
Antworten auf der Karte
Die Antworten werden auf der Karte rot bzw. grün angezeigt, abhängig davon wie oft sie richtig erraten wurden.
 
Antwortstatistiken
Land % Korrekt
Island
73%
Spanien
71%
Deutschland
68%
Irland
64%
Frankreich
63%
Italien
61%
Schweden
59%
Norwegen
56%
Finnland
54%
Portugal
51%
Russland
44%
Dänemark
40%
Belgien
39%
Polen
37%
Schweiz
37%
Österreich
33%
Andorra
32%
Lettland
29%
Estland
28%
Niederlande
28%
Monaco
26%
Litauen
24%
Malta
24%
Vereinigtes Königreich
22%
Vatikanstadt
21%
Ukraine
18%
Ungarn
18%
Kosovo
16%
San Marino
16%
Bosnien und Herzegowina
15%
Griechenland
15%
Luxemburg
15%
Kroatien
14%
Tschechien
14%
Liechtenstein
13%
Serbien
13%
Weißrussland
13%
Albanien
12%
Slowakei
10%
Slowenien
8%
Bulgarien
7%
Rumänien
5%
Mazedonien
4%
Moldawien
4%
Montenegro
3%
Keine übereinstimmenden Quizze gefunden
Verteilung der Resultate
Anzahl Personen mit jedem Resultat
Perzentil nach korrekt beantworteten Fragen
Ihre Resultats-Entwicklung
Sie haben dieses Quiz noch nicht gespielt